Statistics for Rivers with Single Country Drainage Basin

Click here to take the quiz!

General Stats

  • This quiz has been taken 92 times
  • The average score is 11 of 21

Answer Stats

LengthRiverCountry% Correct
6,300 YangtzeChina
100%
4,241 MackenzieCanada
99%
2,348 ArkansasUnited States
99%
3,672 MurrayAustralia
96%
4,400 LenaRussia
90%
1,012 LoireFrance
81%
1,047 VistulaPoland
67%
3,650 TocantinsBrazil
64%
1,465 GodavariIndia
54%
2,170 AyeyarwadyBurma
52%
2,010 Northern SaladoArgentina
40%
1,210 VaalSouth Africa
40%
1,550 MagdalenaColombia
36%
1,415 MarañónPeru
36%
1,010 EssequiboGuyana
25%
1,182 Kızıl RiverTurkey
25%
1,599 BeniBolivia
24%
1,280 LomamiDR Congo
21%
1,143 KapuasIndonesia
10%
1,270 LermaMexico
10%
1,100 DraaMorocco
10%

Score Distribution

Percentile by Number Answered

Percent of People with Each Score

Your Score History

You have not taken this quiz